Využitie logistickej regresie pri finančnej analýze vybraných podnikov bakalárska práca

Uložené v:
Podrobná bibliografia
Hlavný autor: Rusnáková, Lucia
Korporativný autor: Fakulta hospodárskej informatiky EU. Katedra účtovníctva a audítorstva
Ďalší autori: Stanková, Adriana, 1990-
Médium: Kniha
Jazyk:Slovak
Vydavateľské údaje: Bratislava 2017
Tagy: Pridať tag
Žiadne tagy, Buďte prvý, kto otaguje tento záznam!

MARC

LEADER 00000nbm a2200000 4500
001 0233163
005 20180412142146.7
041 0 |a slo 
044 |a SK 
245 1 0 |a Využitie logistickej regresie pri finančnej analýze vybraných podnikov  |b bakalárska práca  |c Lucia Rusnáková ; školiteľ: Adriana Stanková 
264 1 |a Bratislava  |c 2017 
300 |a 48 s. 
100 1 |a Rusnáková, Lucia 
700 1 |a Stanková, Adriana, 1990- 
710 2 |a Fakulta hospodárskej informatiky EU. Katedra účtovníctva a audítorstva